000 00816nam a22002531u 4500
001 06004
003 HDC
007 cr bn ---
008 210122p xx fo d 00 engg
040 _aHDC
245 0 _aCCM'S Halal Journey
260 _a[No place] :
_b[publisher not identified],
_c2014
300 _a21 pages :
_bIllustrations
336 _atext
_2rdacontent
337 _acomputer
_2rdamedia
338 _aonline resource
_2rdacarrier
650 _aHalal industry
_9144
650 _aHalal initiatives
_96312
650 _aHalal Research & Development
_96311
856 _zRequest full-text at [email protected]
942 _2lcc
942 _cSLIDE
942 _kSLID 000656
999 _c3328
_d3328